Mầm sống : Bộ các tác phẩm tinh tuyển của văn học Việt Nam qua các thời kỳ

সংরক্ষণ করুন:
গ্রন্থ-পঞ্জীর বিবরন
বিন্যাস: গ্রন্থ
ভাষা:Undetermined
প্রকাশিত: Hà Nội Hội nhà văn 2008
বিষয়গুলি:
ট্যাগগুলো: ট্যাগ যুক্ত করুন
কোনো ট্যাগ নেই, প্রথমজন হিসাবে ট্যাগ করুন!
Thư viện lưu trữ: Trung tâm Học liệu Trường Đại học Cần Thơ
LEADER 00626nam a2200193Ia 4500
001 CTU_181125
008 210402s9999 xx 000 0 und d
020 |c 24500 
082 |a 895.9223008 
082 |b M120 
245 0 |a Mầm sống : 
245 0 |b Bộ các tác phẩm tinh tuyển của văn học Việt Nam qua các thời kỳ 
245 0 |c Nhiều tác giả 
260 |a Hà Nội 
260 |b Hội nhà văn 
260 |c 2008 
650 |a Short stories, Vietnamese,Truyện ngắn Việt Nam 
904 |i Hải 
980 |a Trung tâm Học liệu Trường Đại học Cần Thơ